| 000 | 00755nam a2200229 4500 | ||
|---|---|---|---|
| 001 | 174961 | ||
| 003 | ES-MaACL | ||
| 005 | 20250809063537.0 | ||
| 008 | 100820s1985 sp |||| | spa d | ||
| 020 | _a84-7530-910-0 | ||
| 080 | _a339.9(100) | ||
| 100 | 1 |
_aTamames, Ramón, _d1933- _9237391 |
|
| 245 | 1 | 0 |
_aIntroducción a la economía internacional / _cRamón Tamames. |
| 260 |
_a[Esplugues de Llobregat] : _bOrbis, _c1985. |
||
| 300 |
_a237 p. ; _c20 cm. |
||
| 490 | 1 |
_aBiblioteca de política, economía y sociología ; _v2 |
|
| 500 | _aÍndice. | ||
| 650 | 0 | 7 |
_aEconomía internacional. _912028 |
| 830 | 0 |
_aBiblioteca de política, economía y sociología ; _v2 _9189467 |
|
| 852 |
_aES-MaACL _jE-13158 |
||
| 999 |
_c174961 _d174961 |
||